| 000 | 00309nam a2200097Ia 4500 | ||
|---|---|---|---|
| 008 | 220204s9999 xx 000 0 und d | ||
| 082 |
_a547 _bANN.83 |
||
| 245 | 0 | _aAnnual reports on the progress of chemistry. V 83, 1986, Sec B.Organic chemistry | |
| 260 |
_aLondon _bRoyal Society of Chemistry _c1987 |
||
| 942 | _cBK | ||
| 999 |
_c44973 _d44973 |
||